| 000 | 01166nam a2200253Ia 4500 | ||
|---|---|---|---|
| 003 | OSt | ||
| 005 | 20210913122843.0 | ||
| 008 | 210310t2002 eu ad fr 000 0 eng d | ||
| 040 |
_aCO-JMCR _cCO-JMCR |
||
| 041 | 0 | _aeng | |
| 082 | 0 | 4 |
_a339.46 / _bW927g _223 |
| 110 | 2 |
_aWorld Bank _939097 |
|
| 245 | 1 | 0 |
_aGlobalization, growth, and poverty : _bbuilding an inclusive world economy / _cWorld Bank |
| 260 |
_aWashington, DC : _bWorld Bank ; New York, N.Y. : Oxford University Press, _c©2002 |
||
| 300 |
_avii, 23 páginas : _bilustraciones y gráficas a blanco y negro ; _c24 cm. |
||
| 490 | 0 | _aWorld Bank policy research report. | |
| 504 | _aBibliografía: página 23 | ||
| 505 | 0 | _aThe report team -- The new wave globalization and its economic effects -- Improving the international architecture for integration -- Strengthening domestic institutions and polices -- Power, culture, and the environment -- An agenda for action | |
| 650 | 1 | 4 |
_aGlobalización _917649 _xAspectos sociales |
| 650 | 2 | 4 |
_aEconomía internacional _xAspectos sociales _940289 |
| 650 | 2 | 4 |
_aCambio social _940290 |
| 650 | 2 | 4 |
_aCompetencia económica internacional _97037 |
| 942 |
_2ddc _cBK |
||
| 999 |
_c8567 _d8567 |
||